[Event "Zafra Ruy Lopez"]
[Site "Zafra"]
[Date "2007.03.20"]
[Round "4"]
[White "Sasikiran, Krishnan"]
[Black "Sargissian, Gabriel"]
[Result "0-1"]
[WhiteElo "2700"]
[BlackElo "2658"]
[Annotator "Sargissian,K"]
[PlyCount "78"]
[EventDate "2007.03.17"]
[EventType "tourn"]
[EventRounds "7"]
[EventCountry "ESP"]
[EventCategory "15"]
[SourceTitle "CBM 117"]
[Source "ChessBase"]
[SourceDate "2007.03.30"]
[SourceVersion "1"]
[SourceVersionDate "2007.03.30"]
[SourceQuality "1"]

1. e4 {Sasikiran almost always plays 1.d4. naturally his first move was a
surprise, and naturally was a sign that he had prepared something for my
Marshall. Even so, I decided to play my favourite line and let him show his
preparation.} e5 2. Nf3 Nc6 3. Bb5 a6 4. Ba4 Nf6 5. O-O Be7 6. Re1 b5 7. Bb3
O-O 8. h3 {here I relaxed a little, since I understood that I had not landed
in a lost position in the opening. I think that if White has anything here, it
has to be with c3.} Bb7 9. d3 Re8 ({I did not play this because i was afraid
of the main line} 9... d6 10. a3 Na5 11. Ba2 c5 {I am convinced that White has
nothing serious here. However, I thought the text would not be so well-known
to my opponent, and also, it interests me.}) 10. c3 {10.Nc3 and 10.a4 are also
played.} h6 11. Nbd2 Bf8 {There are two other possibilities: 11...d6 and 11...
Bc5. But the text move seems the most logical to me. I did not want to play 11.
..d6 because I wished to retain the chance of playing d5 in one move, whilst
the idea 11...Bc5 for some reason does not appeal to me.} 12. a4 Na5 13. Bc2 c5
14. d4 {Shamed though I am to admit it, I did not know the game Anand-Svidler
from Linares 2007. This position is of course very interesting and complicated.
Black has five interesting continuations!} d6 ({1) After} 14... d5 {I did not
like the simple} 15. dxe5 Nxe4 16. Qe2 {with a position in the style of the
Open Spanish, where it is not easy for Black to find play on the queen's side,
whilst thanks to the pawn on e5, White will gradually develop a kingside
attack.}) ({2) After} 14... exd4 15. cxd4 d5 16. e5 Ne4 17. axb5 axb5 18. Nxe4
dxe4 19. Bxe4 Bxe4 20. Rxe4 {I did not see how to regain the pawn, although I
understood that Black has reasonable compensation.}) ({3)} 14... cxd4 15. cxd4
d5 16. axb5 axb5 17. dxe5 Nxe4 18. Nxe4 dxe4 19. Qxd8 Raxd8 20. Rxa5 exf3 21.
Rxb5 {and White has an extra pawn and good winning chances.}) ({4)} 14... cxd4
15. cxd4 exd4 {is the way Svidler played against Anand, but here too, during
the game I thought that White has good prospects after} 16. e5 Nd5 17. axb5
axb5 18. Nxd4 {. Since none of these lines satisfied me, I chose a fifth
option.}) 15. b3 {This move pleased me, because after 15...exd4 16.cxd4 d5, in
almost every variation, either the pawn on b3 hangs, or the weakness of c3 is
felt. It seems to me that White should play 15.d5, although after 15...c4
Black has normal counterplay.} exd4 16. cxd4 d5 17. e5 Ne4 18. Nxe4 dxe4 19.
Bxe4 ({Here I have to confess that I did not see the possibility of the
exchange sacrifice} 19. Rxe4 {and for a moment, I was quite upset, since it is
clear that after} Bxe4 20. Bxe4 {White has an excellent position.}) ({But
everything returned to normal once I noticed that after} 19. Rxe4 {there is
the counterblow} Nxb3 20. Bxb3 Bxe4 {and Black is close to winning.}) 19...
Bxe4 20. Rxe4 Qd5 {I was surprised that my opponent went in for this position
rather quickly. Maybe it was the result of his lack of experience on the white
side of the Spanish. Black has a good game, and already it is White who must
think about equalizing.} 21. Re3 Nc6 22. Rd3 ({Maybe it was more accurate to
play} 22. axb5 {although even there after} axb5 23. Rxa8 Rxa8 24. Bd2 cxd4 25.
Rd3 Bc5 {White is still far from equality.}) 22... Rad8 23. axb5 axb5 24. Be3 {
This move is tied up with an oversight.} ({Of course, he had to play} 24. Bb2
cxd4 25. Rc1 Bc5 {although here it is hard to recommend anything wonderful for
White. Evidently after 21...Nc6 White already stands badly.}) 24... cxd4 25.
Nxd4 {It was still not too late to play 25.Bf4.} Nxe5 26. Rd2 Bb4 27. Rc2 {
I suspect that Sasikiran headed for this position from afar, hoping to defend
after 27...Qe4 28.Qe2 although even here, Black has a clear advantage. But
here I managed to find a very strong resource I have to admit that I am very
pleased with my next move. The difficult part of finding it is that when one
sees that after Qe4 Black has a large advantage, it is not easy to force
oneself to look for something better.} f5 {After this move, one can
confidently state that White has a lost position.} 28. Rc7 {Since f4 cannot be
prevented, White tries to get some sort of attack. But thanks to his excellent
centralised knight, Black is able to beat off all White's attempts to achieve
anything.} f4 29. Qh5 {Actually, White has few ideas here. Virtually the only
try is the rook sacrifice, which as we will see, does not give anything.} ({
After} 29. Raa7 Bf8 {Black is also winning easily.}) 29... fxe3 30. Rxg7+ Kxg7
31. Nf5+ {Here no particular commentary is needed. Of course, both Kf8 and Kg8
win, but I wanted to play more actively.} Kf6 32. Ra6+ Re6 33. Qxh6+ Kxf5 34.
g4+ {I think the only reason my opponent did not resign was that he was in
time-trouble.} Nxg4 35. hxg4+ Kxg4 36. Qg7+ Qg5 37. Qxg5+ Kxg5 38. Rxe6 exf2+
39. Kxf2 Rd5 0-1

[Event "USA-ch"]
[Site "Saint Louis"]
[Date "2016.04.25"]
[Round "11"]
[White "Chandra, Akshat"]
[Black "Caruana, Fabiano"]
[Result "0-1"]
[WhiteElo "2477"]
[BlackElo "2795"]
[Annotator "Schulz,Andre"]
[PlyCount "106"]
[EventDate "2016.04.14"]
[EventType "tourn"]
[EventRounds "11"]
[EventCountry "USA"]
[EventCategory "17"]
[SourceTitle "CBM 172"]
[Source "ChessBase"]
[SourceDate "2016.05.12"]
[SourceVersion "1"]
[SourceVersionDate "2016.05.12"]
[SourceQuality "1"]

1. e4 e5 2. Nf3 Nc6 3. Bb5 a6 4. Ba4 Nf6 5. O-O Be7 6. Re1 b5 7. Bb3 d6 8. a4
b4 9. d4 O-O (9... Bg4 10. dxe5 Nxe5 11. Nbd2 Qc8 12. Qe2 O-O 13. Qe3 Nxf3+ 14.
Nxf3 Re8 15. Bd2 Bf8 16. Qf4 Be6 17. Bxe6 Qxe6 18. Bxb4 Qc4 19. Bc3 Rxe4 $11 {
1/2-1/2 (60) Salgado Lopez,I (2622)-Anand,V (2785) Dubai 2014}) 10. dxe5 dxe5
11. Nbd2 Bc5 12. a5 {Eine bekannte Methode, um den Bauern a6 festzulegen.
Bauer a5 wird allerdings auch oft schwach.} (12. Qe2 h6 13. h3 Qe7 14. Nc4 Be6
15. Be3 Nd7 16. a5 Bxe3 17. Nxe3 Bxb3 18. cxb3 Nd4 19. Nxd4 exd4 20. Nf5 Qf6
21. Nxd4 $14 {0-1 (62) Dominguez Perez,L (2732)-Karjakin,S (2762) Berlin 2015})
12... h6 13. Bc4 Bb7 14. c3 Qd6 15. Qe2 Rad8 16. Nf1 ({Nach} 16. Bxa6 Bxa6 17.
Qxa6 {gewinnt} Ra8 (17... Ng4 {Schwarz kann auch die Abwesenheit der Dame am
Königsflügel ausnutzen.} 18. Rf1 bxc3 19. bxc3) 18. Qb5 Rfb8 {den Bauern auf
Wunsch sofort zurück.}) 16... Ne7 17. Ng3 Ng6 18. Be3 bxc3 19. bxc3 Bxe3 20.
Qxe3 Qc6 21. Bf1 Bc8 22. h3 Be6 23. Reb1 Nd7 $11 24. Rb4 Kh7 25. Rab1 Qc5 26.
Bxa6 Qxa5 27. Bf1 Qc5 28. Qxc5 Nxc5 29. Bc4 (29. Rb5 {mit Blick auf e5 hält
das Gleichgewicht.}) 29... Nd3 30. Ra4 Ngf4 31. Ne1 Nxe1 32. Rxe1 Rd2 33. Bf1
Rb8 34. Rb4 Ra8 35. Rb7 Raa2 36. Nh1 {[#] Wenn man seinen Springer in die Ecke
ziehen muss, weiß man, dass etwas schief gelaufen ist.} c5 $17 37. Rc7 Ra5 38.
Ng3 Rc2 39. c4 g6 40. Rb1 Kg7 {[#]} 41. Rcb7 $2 {Nun verliert der Youngster
den Bauern c4 und die Partie ist gelaufen.} (41. Rd1 $17 Raa2 42. Nh1 {und nach
} Bxc4 $6 {ginge} 43. Bxc4 Rxc4 44. Rdd7 {mit Gegenspiel.}) 41... Raa2 42. Nh1
Bxc4 43. Bxc4 Rxc4 44. Re7 Rb4 (44... Kf6 $19) 45. Rd1 (45. Rxb4 cxb4 46. Rxe5
Ne2+ 47. Kf1 (47. Kh2 b3 48. Rb5 b2 49. Rb8 Nc3 $19) 47... b3 48. Rb5 Nd4 49.
Rb4 Ra1#) 45... Rd4 46. Rb1 Ne6 47. Rbb7 Nd8 48. Rbc7 Kf6 49. f4 Rd1+ 50. Kh2
exf4 (50... Rdd2 $19) 51. e5+ Kg5 52. Rxc5 Ne6 53. Rc3 Rdd2 0-1

[Event "Groningen"]
[Site "Groningen"]
[Date "1990.??.??"]
[Round "?"]
[White "Arnason, Jon Loftur"]
[Black "Adams, Michael"]
[Result "0-1"]
[WhiteElo "2540"]
[BlackElo "2590"]
[Annotator "Schussler,H"]
[PlyCount "86"]
[EventDate "1990.12.??"]
[EventType "tourn"]
[EventRounds "9"]
[EventCountry "NED"]
[EventCategory "13"]
[SourceTitle "CBM 021"]
[Source "ChessBase"]
[SourceDate "1991.04.01"]
[SourceVersion "1"]
[SourceVersionDate "1991.04.01"]
[SourceQuality "1"]

1. e4 e5 2. Nf3 Nc6 3. Bb5 a6 4. Ba4 Nf6 5. O-O Be7 6. Re1 b5 7. Bb3 O-O 8. a4
Bb7 9. d3 d6 10. Nc3 Na5 11. Ba2 b4 12. Ne2 Rb8 $5 (12... c5 13. c3 bxc3 {
13. - c4 14.cxb4!, Nijboer-Nunn, Wijk aan Zee 1990.} 14. bxc3 c4 15. Ng3 Nd7
16. Ba3 Re8 17. Nf5 $16 {Arnason-Nunn, (ol) Novi Sad 1990}) 13. Ng3 c5 14. Nf5
Bc8 15. Ne3 Ne8 16. Nd2 Nc7 17. Ndc4 Nc6 18. Nd2 Kh8 19. c3 Bf6 20. Nd5 Nxd5
21. Bxd5 Ne7 22. Bc4 d5 23. exd5 Nxd5 24. Qc2 Bb7 $15 25. Ne4 Be7 26. Ng3 Bd6
27. Ne4 f5 28. Bg5 Qd7 29. Bxd5 Bxd5 30. Nxd6 Qxd6 31. f4 bxc3 32. bxc3 e4 33.
c4 Ba8 34. Rad1 e3 35. Re2 h6 36. Bh4 Qxf4 37. Bg3 Qg5 38. Bxb8 Rxb8 39. Rb1
Rxb1+ 40. Qxb1 Bf3 41. Qf1 Bxe2 42. Qxe2 f4 43. Qf3 Qe5 0-1

[Event "London WFW"]
[Site "London"]
[Date "1991.??.??"]
[Round "?"]
[White "Watson, William N"]
[Black "Hector, Jonny"]
[Result "1-0"]
[WhiteElo "2505"]
[BlackElo "2465"]
[Annotator "Schussler,H"]
[PlyCount "91"]
[EventDate "1991.05.??"]
[EventType "tourn"]
[EventRounds "13"]
[EventCountry "ENG"]
[EventCategory "11"]
[SourceTitle "CBM 024"]
[Source "ChessBase"]
[SourceDate "1991.10.01"]
[SourceVersion "1"]
[SourceVersionDate "1991.10.01"]
[SourceQuality "1"]

1. e4 e5 2. Nf3 Nc6 3. Bb5 a6 4. Ba4 Nf6 5. O-O Be7 6. Re1 b5 7. Bb3 Bb7 8. d4
Nxd4 9. Nxd4 (9. Bxf7+ Kf8 $1 10. Bb3 {10.Nxe5? d6! is good for Black.} Nxb3
11. axb3 d6 $10) 9... exd4 10. e5 Nd5 $5 (10... Ne4 11. Qg4 c5 12. Qxg7 Rf8 13.
Qxh7 c4 14. Rxe4 Bxe4 15. Qxe4 cxb3 16. axb3 $16) 11. Qf3 c6 12. Bxd5 (12. Qg4
$22 Qb6 13. Qxg7 O-O-O 14. Qh6 $1 Rhg8 {14. - c5? 15.Bxd5! + -} 15. Bxd5 Rg6
16. Qxh7 cxd5 17. Nd2 $16 {Kindermann-Yilmaz, Dubai (Ol) 1986.}) 12... cxd5 13.
Qg4 Qb6 14. Nd2 {14.Qxg7 0-0-0 is unclear.} Qg6 15. Qxg6 hxg6 16. Nf3 Bc5 17.
Bf4 Rc8 18. Red1 O-O 19. Rac1 Rfe8 20. h3 f6 $14 21. exf6 gxf6 22. Nxd4 Re4 23.
Be3 f5 $6 24. g3 b4 25. c3 bxc3 26. Rxc3 d6 27. b4 $1 Bxb4 $6 {27. - Bxd4} 28.
Rb3 Rc4 29. Rdb1 $16 Bc5 30. Rxb7 Bxd4 31. Rd7 Rc8 32. Bxd4 Rxd4 33. Rbb7 Ra4
34. Rxd6 Rxa2 35. Rxg6+ Kh8 36. Rf6 d4 37. Rd7 a5 38. Rxf5 a4 39. Rxd4 $18 Kg7
40. Ra5 a3 41. Ra7+ Kg6 42. Rd6+ Kf5 43. Rd3 Rc1+ 44. Kg2 Rcc2 45. Rf3+ Kg5 46.
Ra6 $5 {White plays for mate. Also winning is 46.Raxa3.} 1-0

[Event "Dortmund-B"]
[Site "Dortmund"]
[Date "1991.??.??"]
[Round "2"]
[White "Renet, Olivier"]
[Black "Geller, Efim P"]
[Result "1/2-1/2"]
[WhiteElo "2470"]
[BlackElo "2525"]
[Annotator "Schussler,H"]
[PlyCount "32"]
[EventDate "1991.03.23"]
[EventType "tourn"]
[EventRounds "9"]
[EventCountry "GER"]
[EventCategory "10"]
[SourceTitle "CBM 023"]
[Source "ChessBase"]
[SourceDate "1991.08.01"]
[SourceVersion "1"]
[SourceVersionDate "1991.08.01"]
[SourceQuality "1"]

1. e4 e5 2. Nf3 Nc6 3. Bb5 a6 4. Ba4 Nf6 5. O-O Be7 6. Re1 b5 7. Bb3 O-O 8. a4
Bb7 9. d3 d6 10. Nc3 Na5 11. Ba2 b4 12. Ne2 c5 13. c3 Rb8 $5 (13... bxc3 14.
bxc3 c4 15. Ng3 $1 $14 {Arnason,J-Nunn,J, Novi Sad (ol) 1990.}) 14. Ng3 (14.
cxb4 cxb4 15. Bd2 d5 16. Ng3 dxe4 17. dxe4 Bc5 18. Be3 {White has a minimal
advantage (Marinkovic,S-Tosic,M Vrnjacka Banja 1991 CBM 23 game 935).}) 14...
b3 15. Bb1 Re8 16. c4 Bc8 1/2-1/2

[Event "New York Manhattan"]
[Site "New York"]
[Date "1990.??.??"]
[Round "8"]
[White "Brooks, Michael A"]
[Black "Kaidanov, Gregory S"]
[Result "0-1"]
[WhiteElo "2460"]
[BlackElo "2500"]
[Annotator "Schussler,H"]
[PlyCount "76"]
[EventDate "1990.04.??"]
[EventType "tourn"]
[EventRounds "9"]
[EventCountry "USA"]
[EventCategory "10"]
[SourceTitle "CBM 019"]
[Source "ChessBase"]
[SourceDate "1990.12.01"]
[SourceVersion "1"]
[SourceVersionDate "1990.12.01"]
[SourceQuality "1"]

1. e4 e5 2. Nf3 Nc6 3. Bb5 a6 4. Ba4 Nf6 5. O-O Be7 6. Re1 b5 7. Bb3 O-O 8. d4
Nxd4 9. Nxd4 (9. Bxf7+ $5 Rxf7 10. Nxe5 Rf8 $5 11. Qxd4 c5 12. Qd1 Qc7 13. Ng4
Nxg4 14. Qxg4 d5 15. Qh5 dxe4 16. Nc3 Rf5 17. Qe8+ Rf8 18. Qh5 Rf5 19. Qe8+ {
Draw agreed Smejkal-Zajcev, I Soviet Union 1970.}) 9... exd4 10. e5 Ne8 11.
Qxd4 c5 12. Qe4 Nc7 13. c4 bxc4 14. Bc2 g6 15. Bh6 Re8 16. Nc3 Rb8 17. Qxc4 Rb4
18. Qd3 Rh4 19. Be3 d5 20. exd6 Bxd6 21. h3 Bxh3 22. gxh3 Rxh3 23. Qf1 Rh2 24.
Qc4 Rxe3 25. Rxe3 Qg5+ 26. Rg3 Bxg3 27. Ne4 Qh4 28. fxg3 Rh1+ 29. Kf2 Qh2+ 30.
Kf3 Rxa1 31. Nf2 Ne6 32. Bb3 Nd4+ 33. Ke3 Qxg3+ 34. Ke4 Re1+ 35. Qe2 Rxe2+ 36.
Kd5 Qe5+ 37. Kc4 Nc6 38. Bd1 Na5+ 0-1

[Event "Koop Tjuchem"]
[Site "Groningen"]
[Date "1996.??.??"]
[Round "10"]
[White "Shirov, Alexei"]
[Black "Sokolov, Ivan"]
[Result "1-0"]
[WhiteElo "2685"]
[BlackElo "2670"]
[Annotator "Shirov,A"]
[PlyCount "225"]
[EventDate "1996.12.20"]
[EventType "tourn"]
[EventRounds "11"]
[EventCountry "NED"]
[EventCategory "16"]
[SourceTitle "CBM 057"]
[Source "ChessBase"]
[SourceDate "1997.04.01"]
[SourceVersion "1"]
[SourceVersionDate "1997.04.01"]
[SourceQuality "1"]

1. e4 {Endspiel-CD} e5 2. Nf3 Nc6 3. Bb5 a6 4. Ba4 Nf6 5. O-O Be7 6. Re1 b5 7.
Bb3 O-O 8. h3 Bb7 9. d3 d6 10. a3 Nb8 11. Nbd2 Nbd7 12. Nf1 c5 13. Ng3 Rc8 14.
Qe2 $5 $146 (14. Ba2) 14... Qc7 $5 15. Nf5 Bd8 16. Bg5 c4 17. Ba2 Re8 18. Rad1
d5 $1 19. exd5 Bxd5 20. dxc4 bxc4 21. Bxf6 Nxf6 22. Nxe5 g6 $1 $44 23. Nh6+ Kg7
24. Qe3 (24. c3 $5 Rb8 $44) 24... Qb7 25. Qf4 Be6 $1 (25... Qxb2 $2 26. Nf5+
gxf5 27. Qg5+ Kh8 28. Rxd5 $18) 26. Nhg4 (26. Nxc4 $6 Bc7 $44) 26... Nxg4 27.
Nxg4 Bxg4 $1 (27... Qxb2 $6 28. Rb1 $1 Bxg4 (28... Qxa2 $2 29. Qd4+ f6 30. Rb7+
Kg8 31. Nxf6+ Bxf6 32. Qxf6 Bd7 33. Rxd7 Rxe1+ 34. Kh2 $18) 29. Rxe8 $1 Qxa2
30. Rbe1 $1 Bf6 31. hxg4 Rxe8 32. Rxe8 $16) 28. Qxg4 Rxe1+ $2 (28... h5 29. Qf4
Rxe1+ 30. Rxe1 Qxb2 31. Bxc4 Bf6 $11) 29. Rxe1 h5 30. Qe4 $1 Qxe4 (30... Qxb2
31. Bxc4 $16) 31. Rxe4 Rb8 32. b4 cxb3 33. Bxb3 f5 $2 (33... Rb7 $14) 34. Re8
a5 35. a4 Kf6 36. Kf1 Bc7 37. Re6+ Kg5 38. Rc6 Bd8 39. Ke2 Rb6 40. Rc8 Bf6 41.
Rc5 Ra6 42. Kd3 $18 h4 43. Bd5 Bd8 44. Rc8 Rd6 45. Kd4 Kf4 46. c4 Bf6+ 47. Kc5
Be7 48. Re8 Re6+ 49. Rxe7 $4 (49. Kb5 Re2 50. Kxa5 Bb4+ 51. Kxb4 Rxe8 52. a5
$18) 49... Rxe7 50. Kd6 Re8 51. c5 Rd8+ 52. Ke6 Re8+ 53. Kd7 Ke5 $3 (53... Rh8
54. c6 Ke5 55. Bf7 $18) 54. Kxe8 $2 Kxd5 55. f4 (55. Kf7 f4 56. Kxg6 Kxc5 57.
Kg5 Kb4 $11) 55... Kxc5 56. Kf7 Kb4 57. Kxg6 Kxa4 58. Kxf5 Kb5 59. Kg5 a4 60.
f5 a3 61. f6 a2 62. f7 a1=Q 63. f8=Q Qe1 $1 $11 64. Qf4 Kb6 65. Kf5 Ka7 66.
Qd4+ Ka6 67. Qd6+ Kb7 {Endspiel-CD: Im Hinblick auf das kommende Endspiel Q+P
vs. Q muß der sK sich in die andere Richtung orientieren, denn dort gilt: Je
weiter weg der verteidigende K vom Umwandlungsfeld weg ist, desto besser. Aber
Schwarz muß natürlich aufpassen, daß kein Unfall wie Damentausch passiert.} (
67... Kb5 $4 {Endspiel-CD} 68. Qe5+ $18) 68. Qd5+ Ka7 69. Kf6 Qa1+ 70. Ke6 Qe1+
71. Kd7 Qf2 72. Kc7 Qc2+ 73. Qc6 Qh7+ 74. Qd7 Qc2+ 75. Kd6+ Kb6 76. Qd8+ Kb7 (
76... Kb5 $4 {Endspiel-CD geht wieder nicht, wegen} 77. Qg5+ Kb6 78. Qxh4 Qxg2
79. Qd4+ Ka6 80. Qc4+ Ka7 81. Qc7+ Ka6 82. Qc6+ $18) 77. Qxh4 Qc6+ (77... Qxg2
$4 {Endspiel-CD} 78. Qb4+ Ka7 79. Qc5+ Kb8 80. Qc7+ Ka8 81. Qc6+ $18) 78. Ke5
Qc5+ (78... Qxg2 $4 {Endspiel-CD} 79. Qe4+ $18) 79. Ke6 Qc6+ 80. Kf5 Qd5+ (
80... Qxg2 $4 {Endspiel-CD} 81. Qe4+ $18) 81. Kf4 Qxg2 {Wenn Schwarz versucht
weiter Schach zu bieten, versteckt sich der weiße König auf h2.} 82. Qe7+ Kc8
$2 {Verdirbt noch nichts, aber der sK muß in die andere Richtung laufen.} (
82... Kc6 83. h4 Qd5 $11) (82... Kb6 $142 {[%cal Yb6b1] Endspiel-CD}) 83. h4
Qf2+ 84. Kg5 Qg3+ {Jedes Schach hält Remis (außer auf e3 und c5 natürlich).}
85. Kf5 Qd3+ 86. Kf6 Qf3+ 87. Kg7 Qg3+ 88. Kf7 Qf3+ (88... Qb3+ $4 {Endspiel-CD
} 89. Qe6+ $18) 89. Qf6 Qh5+ (89... Qb7+ $11 {Endspiel-CD}) (89... Qd1 $11 {
Endspiel-CD}) 90. Kg7 {Nun gibt es nur noch ein Feld, von dem man Schach
bieten kann, aber das reicht zum Remis. Was hat Schwarz vom Schachgebot
abgehalten?} Qe2 $2 (90... Qg4+ 91. Kh6 (91. Kf7 {Endspiel-CD} Qh5+ (91... Qd7+
$11) (91... Qd1 $11) 92. Kg8 Qg4+ $8 93. Kf8 Qb4+ $8 94. Kf7 (94. Qe7 Qf4+ $11)
94... Qb7+ 95. Kg8 (95. Qe7 Qf3+ $11) 95... Qg2+ (95... Qb3+ $11) 96. Kf8 Qd5
$8 97. Qf7 Qd6+ (97... Qc5+ $11) 98. Kg8 Qg3+ $11) (91. Kf8 Qb4+ 92. Kf7 Qb7+
$11) 91... Qd1 92. h5 Kd7 93. Qf7+ Kd6 94. Kg7 Kc5 95. h6 Qg4+ $11 {-CDROM})
91. Qf8+ {Theoretischer Gewinn in 60 Zügen.} Kd7 (91... Kb7 $142 {Endspiel-CD})
92. Qf7+ $2 (92. Qf5+ $18) (92. Qf5+ $8 $18 {Endspiel-CD} Kc6 93. h5 {und nun
geht die Verteidigung mit Kb5, die nach 92.Df7 möglich ist, nicht.}) 92... Kc8
$2 (92... Kc6 93. h5 Kb5 $1 $11 (93... Kb5 $1 {Endspiel-CD und nun werden
Schachgebote wieder möglich, weil das Dazwischenziehen mit der Dame auf f6oder
g6 kein Gegenschach mehr mit sich bringt.} 94. h6 Qg4+ $8 95. Qg6 {sondern}
Qd4+ $8 ({und nun nicht} 95... Qd7+ $4 {wegen} 96. Kf8 {und Schwarz hat kein
Schach mehr} Kb4 (96... Qc8+ $4 97. Qe8+) 97. Qe4+ $8 (97. h7 $4 Qd8+ $11)
97... Kb3 98. h7 $8 Qd8+ 99. Kg7 Qc7+ 100. Kg6 Qd6+ 101. Kf5 Qf8+ 102. Kg4 Qg7+
103. Kh5 Kb2 104. Qg6 Qe5+ 105. Kg4 $8 Qh8 106. Kf5 (106. Qg8 $4 Qd4+ $11)
106... Qc8+ (106... Z0 107. Qg8 $140) 107. Qe6 $8 Qc2+ 108. Qe4 $8 Qc8+ 109.
Kg6 Qc3 (109... Qa6+ 110. Kf7 Qa7+ 111. Qe7 Qf2+ $140 112. Qf6+ $18) 110. Qg2+
Kb3 111. Qd5+ Kb2 112. Qe4 Kb3 113. Qe6+ Kc2 114. Qd6 Kc1 115. Qf4+ Kd1 116.
Qe4 Qg3+ 117. Kf7 Qc7+ 118. Qe7 Qf4+ 119. Ke8 $18) 96. Kh7 Qd7+ 97. Qg7 Qd3+
98. Kh8 $11)) 93. h5 {In 53 Zügen.} Qg2+ 94. Kf8 Qh3 95. Qe8+ $1 Kb7 96. Qg6 $1
Qc8+ 97. Kg7 Qc3+ 98. Kh7 Qh3 $2 (98... Qc4 99. h6 Ka7 100. Qf6 Qd5 101. Kg7
Qg2+ 102. Kf7 Qd5+ 103. Qe6 Qf3+ 104. Ke7 Qh1 $1 $16) (98... Qc7+ $1 {
Endspiel-CD 49} 99. Qg7 Ka8 100. h6 Qf4 101. Kh8 Qf2 102. Kg8 Qa2+ 103. Qf7
Qg2+ 104. Kf8 Qc2 105. h7 Qc5+ 106. Kg8 Qg5+ 107. Kh8 Qe5+ 108. Qg7 Qf4 {
etc. 39 Züge bis zum Gewinn.}) (98... Qc4 $1 {Endspiel-CD 49}) 99. h6 Ka7 (
99... Qh4 $142 {Endspiel-CD}) 100. Qf6 $2 (100. Qf7+ Kb6 101. Kg7 Ka5 102. h7
Qg3+ (102... Qg4+ {Endspiel-CD} 103. Kh6 $18) 103. Qg6 Qc7+ 104. Kh6 $18)
100... Qd3+ $2 (100... Qb3 $1 $16) (100... Qb3 $1 {Endspiel-CD 46}) 101. Kh8 $6
(101. Kg8 $142 $18) (101. Kg8 $142 {Endspiel-CD} Qd5+ $140 102. Qf7+ $18)
101... Qh3 (101... Qd5 $142 {Endspiel-CD} 102. h7 Kb8 103. Qf8+ Kc7 104. Qg7+
Kd6 105. Qf6+ Kd7 106. Kg7 Qg2+ 107. Kf7 Qd5+ 108. Kg6 Qg2+ 109. Qg5 Qc6+ 110.
Kg7 Qc3+ 111. Qf6 Qg3+ 112. Kf7 Qb3+ 113. Kg6 Qg3+ 114. Qg5 $18) 102. h7 (102.
Kg8 $142 {Endspiel-CD}) 102... Qc8+ 103. Kg7 Qg4+ 104. Kf8 Qc8+ 105. Kf7 Qc4+
106. Qe6 Qf4+ 107. Kg7 Qg3+ 108. Kf8 Qb8+ 109. Qe8 Qb2 110. Qe3+ (110. Qf7+
$142) 110... Ka8 111. Qf3+ Ka7 (111... Kb8 112. Qg3+ Ka8 113. Qg8 Qf6+ 114. Ke8
$18) 112. Kg8 Qb8+ 113. Qf8 1-0